Social work and social innovation : emerging trends and challenges for practice, policy and education in Europe /

Bibliographic Details
Other Authors: Wilken Pierre Jean (Editor)
Format: eBook
Language:English
Published: Bristol : Policy Press, 2024.
Subjects:
Online Access:Connect to the full text of this electronic book

MARC

Tag First Indicator Second Indicator Subfields
LEADER 00000nam a22000007i 4500
001 in00004794721
006 m o d
007 cr |||||||||||
008 240611s2024 enk o 000 0 eng d
005 20240701132721.9
020 |a 9781447369356  |q electronic book 
020 |a 1447369351  |q electronic book 
020 |z 9781447369325 
035 |a (NhCcYBP)jstor22573/CATS9679148 
037 |a 22573/cats9679148  |b JSTOR 
040 |a NhCcYBP  |c NhCcYBP 
043 |a e------ 
050 4 |a HV245  |b .S63 2024 
082 0 4 |a 361.32  |2 23/eng/20240618 
245 0 0 |a Social work and social innovation :  |b emerging trends and challenges for practice, policy and education in Europe /  |c edited by Jean Pierre Wilken [and others]. 
264 1 |a Bristol :  |b Policy Press,  |c 2024. 
300 |a 1 online resource. 
336 |a text  |b txt  |2 rdacontent 
337 |a computer  |b c  |2 rdamedia 
338 |a online resource  |b cr  |2 rdacarrier 
588 |a Description based upon online resource; title from PDF title page (viewed June 18th, 2024). 
650 0 |a Social service  |z Europe. 
655 7 |a Electronic books.  |2 local 
700 1 |a Wilken Pierre Jean,  |e editor. 
856 4 0 |u http://proxy.library.tamu.edu/login?url=https://www.jstor.org/stable/10.2307/jj.9692626  |z Connect to the full text of this electronic book  |t 0 
945 |a machinegen 
955 |a JSTOR DDA record 
999 f f |s e7bc42ec-0293-4d81-90d3-9fe03f785bdb  |i 3634312b-656a-4642-85c6-35920daa6dd5  |t 0 
952 f f |a Texas A&M University  |b College Station  |c Electronic Resources  |d Available Online  |t 0  |e HV245 .S63 2024  |h Library of Congress classification 
998 f f |a HV245 .S63 2024  |t 0  |l Available Online